Presumptive Taxation in Sub-Saharan Africa Experiences and Prospects

Uložené v:
Podrobná bibliografia
Hlavný autor: Taube, Günther
Ďalší autori: Tadesse, Helaway
Médium: Kniha
Jazyk:English
Vydavateľské údaje: Washington International Monetary Fund 1996
Vydanie:1. ed.
Edícia:IMF Working Paper 5
Predmet:
Tagy: Pridať tag
Žiadne tagy, Buďte prvý, kto otaguje tento záznam!

MARC

LEADER 00000nam a2200000 4500
001 c017396
005 20221205125540.6
041 0 |a eng 
044 |a US 
245 1 0 |a Presumptive Taxation in Sub-Saharan Africa  |b Experiences and Prospects  |c Günther Taube, Helaway Tadesse 
250 |a 1. ed. 
264 1 |a Washington  |b International Monetary Fund  |c 1996 
300 |a 40 s. 
490 1 |a IMF Working Paper  |v 5 
830 0 |a IMF Working Paper  |v 5 
610 2 0 |a dane 
610 2 0 |a systémy daňové 
610 2 0 |a politika daňová 
610 2 0 |a reformy daňové 
610 2 0 |a Subsahara 
610 2 0 |a Afrika 
100 1 |a Taube, Günther 
700 1 |a Tadesse, Helaway